<?xml version="1.0" encoding="UTF-8"?>
<record
    xmlns:xsi="http://www.w3.org/2001/XMLSchema-instance"
    xsi:schemaLocation="http://www.loc.gov/MARC21/slim http://www.loc.gov/standards/marcxml/schema/MARC21slim.xsd"
    xmlns="http://www.loc.gov/MARC21/slim">

  <leader>01668nam a2200277   4500</leader>
  <controlfield tag="001">113571</controlfield>
  <controlfield tag="003">DR-UNIBE</controlfield>
  <controlfield tag="005">20250624062550.0</controlfield>
  <controlfield tag="008">250507b2008    mx ||||| |||| 00| 0 spa d</controlfield>
  <datafield tag="020" ind1=" " ind2=" ">
    <subfield code="a">9789707128910</subfield>
  </datafield>
  <datafield tag="040" ind1=" " ind2=" ">
    <subfield code="a">BIBLIOTECA UNIBE</subfield>
    <subfield code="b">spa</subfield>
    <subfield code="c">BIBLIOTECA UNIBE</subfield>
    <subfield code="e">rda</subfield>
  </datafield>
  <datafield tag="041" ind1=" " ind2=" ">
    <subfield code="a">spa</subfield>
  </datafield>
  <datafield tag="082" ind1=" " ind2=" ">
    <subfield code="2">22</subfield>
    <subfield code="a">342.972 M611t 2008</subfield>
  </datafield>
  <datafield tag="110" ind1=" " ind2="0">
    <subfield code="a">Mexico. Suprema Corte de Justicia de la Naci&#xF3;n</subfield>
    <subfield code="e">autor</subfield>
    <subfield code="9">194807</subfield>
  </datafield>
  <datafield tag="245" ind1="1" ind2="0">
    <subfield code="a">Tribunales Constitucionales y Democracia / </subfield>
    <subfield code="c">presentaci&#xF3;n:  Guillermo Iberio Ort&#xED;z Mayagoitia</subfield>
  </datafield>
  <datafield tag="246" ind1=" " ind2=" ">
    <subfield code="a">Tribunales Constitucionales y consolidaci&#xF3;n de la democracia, 2007</subfield>
  </datafield>
  <datafield tag="250" ind1=" " ind2=" ">
    <subfield code="a">Segunda edici&#xF3;n</subfield>
  </datafield>
  <datafield tag="260" ind1=" " ind2=" ">
    <subfield code="a">M&#xE9;xico : </subfield>
    <subfield code="b">Suprema Corte de Justicia de la Naci&#xF3;n, </subfield>
    <subfield code="c">2008</subfield>
  </datafield>
  <datafield tag="300" ind1=" " ind2=" ">
    <subfield code="a">xlviii, 1724 p&#xE1;ginas : </subfield>
    <subfield code="c">23  x 16 cm</subfield>
  </datafield>
  <datafield tag="500" ind1=" " ind2=" ">
    <subfield code="a">Comentario de la obra y lista de autores en las solapas. Conferencias presentadas en el Simposium El papel de los tribunales constitucionales en la consolidaci&#xF3;n democr&#xE1;tica del 17 de octubre de 2007.</subfield>
  </datafield>
  <datafield tag="505" ind1=" " ind2=" ">
    <subfield code="a">Presentaci&#xF3;n |
Estudio preliminar |
Cap&#xED;tulo I. Conferencias del simposium "El papel de los tribunales constitucionales en la consolidaci&#xF3;n democr&#xE1;tica |
Cap&#xED;tulo II. Los tribunales constitucionales y la democracia |
Cap&#xED;tulo III. Los tribunales constitucionales y la consolidaci&#xF3;n democr&#xE1;tica |
Cap&#xED;tulo IV. La perspectiva de los jueces sobre el tribunal constitucional en la democracia |
Sobre los autores</subfield>
  </datafield>
  <datafield tag="650" ind1=" " ind2="7">
    <subfield code="2">lemb</subfield>
    <subfield code="a"> Tribunales constitucionales </subfield>
    <subfield code="z">M&#xE9;xico</subfield>
    <subfield code="9">196499</subfield>
  </datafield>
  <datafield tag="650" ind1=" " ind2="7">
    <subfield code="2">lemb</subfield>
    <subfield code="a"> Democracia </subfield>
    <subfield code="x">Leyes y legislaci&#xF3;n</subfield>
    <subfield code="z">M&#xE9;xico</subfield>
    <subfield code="9">196500</subfield>
  </datafield>
  <datafield tag="700" ind1=" " ind2="0">
    <subfield code="a">Ort&#xED;z Mayagoitia, Guillermo Iberio, </subfield>
    <subfield code="d">1941-</subfield>
    <subfield code="e">presentador</subfield>
    <subfield code="9">195018</subfield>
  </datafield>
  <datafield tag="942" ind1=" " ind2=" ">
    <subfield code="2">ddc</subfield>
    <subfield code="c">BK</subfield>
  </datafield>
  <datafield tag="999" ind1=" " ind2=" ">
    <subfield code="c">113571</subfield>
    <subfield code="d">113571</subfield>
  </datafield>
  <datafield tag="952" ind1=" " ind2=" ">
    <subfield code="0">0</subfield>
    <subfield code="1">0</subfield>
    <subfield code="2">ddc</subfield>
    <subfield code="7">0</subfield>
    <subfield code="8">GEN</subfield>
    <subfield code="a">Principal</subfield>
    <subfield code="d">2025-04-08</subfield>
    <subfield code="l">0</subfield>
    <subfield code="o">342.972 M611t 2008</subfield>
    <subfield code="p">250406</subfield>
    <subfield code="r">2025-05-07 14:14:04</subfield>
    <subfield code="t">Ej. 1</subfield>
    <subfield code="w">2025-05-07</subfield>
    <subfield code="y">BK</subfield>
  </datafield>
</record>
